Devaluación 82 : el principio del fin___ /

Salvato in:
Dettagli Bibliografici
Autore principale: Conchello, José Angel (autor)
Natura: Libro
Lingua:spagnolo
Pubblicazione: México : Grijalbo, 1982, c1982
Soggetti:
Tags: Aggiungi Tag
Nessun Tag, puoi essere il primo ad aggiungerne!!

MARC

LEADER 00000nam^a2200000^a^4500
001 000182299
005 20250623000000.0
009 20260310102003.663
020 |a 968-419-211-8 
025 |a Donación sin dato, 1 ejemplar 
037 |a Acervo ITESO - Biblioteca 
041 |a ESP 
082 |a 330. 9720637  |b CON 
100 |a Conchello, José Angel  |e (autor) 
245 1 0 |a Devaluación 82 :  |b el principio del fin___ /  |c J.A. Conchello. 
264 4 |a México :  |b Grijalbo,  |c 1982, c1982 
300 |a 190 p. 
336 |a texto  |b txt  |2 rdacontenido 
337 |a sin mediación  |b n  |2 rdamedio 
338 |a volumen  |b nc  |2 rdasoporte 
649 |a XX 
650 |a Corrupción -  |z México 
650 |a Inflación -  |z México 
650 |a Indexación al Dólar -  |z México 
650 |a Balanza de Pagos -  |z México 
650 |a Devaluación de la Moneda -  |z México 
650 |a Mercado Cambiario -  |z México 
650 |a Divisas -  |z México 
650 |a Dinero -  |z México 
650 |a Crisis Económica -  |z México 
650 |a Fluctuaciones Económicas -  |z México 
650 |a Política Económica -  |z México 
650 |a Finanzas Públicas -  |z México 
650 |a Macroeconomía -  |z México 
650 |a Economía -  |z México -  |x Historia -  |y 1976-1982 
650 |a Economía -  |z México -  |x Historia -  |y Siglo XX 
650 |a México -  |x Condiciones Económicas 
910 |a Fondo General 
920 |a Impresos - Libros 
930 |a Colección General 
905 |a 101 
901 |a 0500122151  |b IT1  |c ACC  |d DT  |i D  |u 20250623 
901 |a 0500140719  |b IT1  |c ACC  |d DT  |i D  |u 20250623 
902 |a https://opac.biblio.iteso.mx/vufind/Record/000182299